| 000 | 00708nam a2200193 i 4500 | ||
|---|---|---|---|
| 001 | 84499 | ||
| 003 | ES-MaACL | ||
| 005 | 20251114120808.0 | ||
| 007 | t| | ||
| 008 | 041123s1937 sp ||||1| spa d | ||
| 100 | 1 |
_aJoers, Paul. _966704 |
|
| 245 | 1 | 0 |
_aDerecho privado romano / _cPaul Joers ; edición totalmente refundida por Wolfgang Kunkel ; traducción de la segunda edición alemana por L. Prieto Castro. |
| 260 |
_a[S.l. : _bs.n., _c1937] ( _eBarcelona : _fTalleres Gráficos Ibero Americanos) |
||
| 300 |
_aXII, 563 p. ; _c23 cm. |
||
| 700 | 1 |
_aKunkel, Wolfgang. _969029 |
|
| 700 | 0 |
_aPrieto-Castro y Ferrándiz, Leonardo _993919 |
|
| 852 |
_aES-MaACL _jA-4945 _bR.16912 |
||
| 999 |
_c84499 _d84499 |
||